000 00841pam a2200277 a 4500
999 _c1238
_d1238
001 3506983
003 OSt
005 20190930115504.0
008 950728s1996 nyua 001 0 eng
010 _a 95037696
020 _a0716724324 (hc)
040 _aDLC
_cDLC
_dDLC
050 0 0 _aQA303
_b.M338 1996
082 0 0 _a515.63
_220
_bMAR 1996
100 1 _aMarsden, Jerrold E.; Tromba, Anthony.
_93327
245 1 0 _aVector Calculus
250 _a4th ed.
260 _aNew York :
_bW.H. Freeman,
_c1996.
300 _axiii, 627 p. :
_bill. ;
_c24 cm.
500 _aIncludes index.
650 0 _aCalculus.
_9764
650 0 _aVector analysis.
_9717
906 _a7
_bcbc
_corignew
_d1
_eocip
_f19
_gy-gencatlg
942 _2ddc
_cSLOAN